000 00696nam a22001817a 4500
005 20260422093937.0
008 260422b |||||||| |||| 00| 0 eng d
020 _a978-0765613615
050 _aHD 30.3 .D 47 2005
100 _aDESOUZA, KEVIN C
245 _aMANAGING INFORMATION IN COMPLEX ORGANIZATIONS: SEMIOTICS AND SIGNALS, COMPLEXITY AND CHAOS
260 _aLONDON,
_bROUTLEDGE TAYLOR & FRANCIS GROUP,
_c2005,
300 _aXiV, 248 P, ILL
500 _aINCLUDES BIBLIOGRAPHICAL REFERENCES AND INDEX
650 _a1. Communication in organizations 2. Complex organizations 3. Information theory 4. Information resources management
700 _aHENSGEN TOBIN
942 _2lcc
_cBK
999 _c217043
_d217043